| 000 | 00490nam a22001817a 4500 | ||
|---|---|---|---|
| 999 |
_c258844 _d258843 |
||
| 003 | OSt | ||
| 005 | 20200717112706.0 | ||
| 008 | 200717b xxu||||| |||| 00| 0 eng d | ||
| 020 | _a9782759208647 | ||
| 040 |
_aRU _cn/a |
||
| 050 |
_aSB945 _b.L7 R33 2010 |
||
| 100 | _aRachadi, Tahar | ||
| 245 |
_aLocust control handbook _cTahar Rachadi. |
||
| 260 |
_aFrance _bCTA _c2010 |
||
| 300 |
_a167p _bcolor illustrations. |
||
| 650 |
_aLocust _vHandbook, manuals etc _xcontrol |
||
| 942 |
_2lcc _cBK |
||